01573nam a2200445 i 450000100060000000300090000600500170001500800390003201500190007102000150009002000150010503500230012003500360014303500140017903500200019303500230021303500440023604000150028004100080029508000230030310000350032624500980036126000690045930000360052833600270056433700540059133800280064538000160067338000270068938500390071638800100075550400680076565000200083365000300085365500350088365800280091870000290094671000540097585600980102946167KOSZ 00520201016144415.0050613s2005 pl a f f |000 0 pol aUWD 2005/18009 a8372075301 a837207531X a991027233719705066 a(PL-WaBN)b17387826-48omnis_nlop ab17387826 a(OCoLC)69315867 a(PL)b0000001738782 a(EXLNZ-48OMNIS_NETWORK)9910292497805606 aWA NcWA N0 apol a621.18:697](075.8)1 aMizielińska, KrystynaeAutor10aGazowe i olejowe źródła ciepła małej mocy /cKrystyna Mizielińska, Jarosław Olszak. aWarszawa :bOficyna Wydawnicza Politechniki Warszawskiej,c2005. a275 s. :brys., wykr. ;c24 cm. aTekstbtxt2rdacontent aBez urządzenia pośredniczącegobn2rdamedia aWoluminbnc2rdacarrier aKsiążki aPublikacje dydaktyczne mPoziom nauczaniaaSzkoły wyższe a2001- aBibliogr. s. 271-273, wykaz norm i rozporządzeń s. 273-275. 7aKotłownie2DBN 7aOgrzewanie centralne2DBN 7aPodręczniki akademickie2DBN aInżynieria i technika1 aOlszak, JarosławeAutor2 aOficyna Wydawnicza Politechniki Warszawskiej4pbl uhttp://koha.tu.koszalin.pl/cgi-bin/koha/opac-detail.pl?biblionumber=46167yKAtalog online BPK